000 00275nam a22001217a 4500
082 _a823
_bPAI/T
100 _aPAI, ANANT (ED)
245 _aTINKLE
_bDIGEST
260 _aMUMBAI
_bPADMINI MIRCHANDANI
_c2003
300 _a96
650 _aENGLISH SHORT STORY
_zMUMBAI
942 _cBK
999 _c2703
_d2703